Click a Valid US State A-Z - Statistics

General Stats
  • This quiz has been taken 117,908 times
  • The average score is 14 of 19
Answers on the Map
Answers color-coded by a green-red scale on the quiz's map according to % correct below.
 
Answer Stats
Answer % Correct
A
83%
C
82%
T
82%
F
81%
N
78%
M
77%
W
77%
H
76%
O
75%
I
72%
L
71%
S
70%
G
69%
K
68%
P
68%
U
67%
V
67%
R
62%
D
61%
No matching quizzes found
Score Distribution
Percent of People with Each Score
Percentile by Number Answered
Your Score History
You have not taken this quiz